00459nam a2200133Ia 4500008004100000100002700041245010300068245002700171260005900198260000900257650001800266650001500284856002600299170221s9999 xx 000 0 und d aAngelos Konstantinidis aWhat Types of Learning may occur through Casual Use of a Social Network Site?The Case of Facebook  cAngelos Konstantinidis bOnline Journal of Communication and Media Technologies c2016 xCommunication xMedia Arts uhttp://www.ojcmt.net/